Catálogo
 En Linea

Memorias del III Encuentro Nacional de Archivos / (Registro nro. 43074)

Detalles MARC
000 -CABECERA
campo de control de longitud fija 01433nam a2200277 a 4500
001 - NÚMERO DE CONTROL
campo de control 000043585
003 - IDENTIFICADOR DEL NÚMERO DE CONTROL
campo de control DO-SdBNP
005 - FECHA Y HORA DE LA ÚLTIMA TRANSACCIÓN
campo de control 20220221120749.0
008 - DATOS DE LONGITUD FIJA--INFORMACIÓN GENERAL
campo de control de longitud fija 140327s2014 dr ac 000 0 spa d
020 ## - NÚMERO INTERNACIONAL ESTÁNDAR DEL LIBRO
Número Internacional Estándar del Libro 9789945586060
040 ## - FUENTE DE LA CATALOGACIÓN
Centro catalogador/agencia de origen DO-SdBNP
Lengua de catalogación spa
Centro/agencia transcriptor BNPHU
082 #4 - NÚMERO DE LA CLASIFICACIÓN DECIMAL DEWEY
Número de clasificación 027.5
Número de documento/Ítem E56m, 2018
Número de edición 22
111 2# - ENTRADA PRINCIPAL--NOMBRE DE CONGRESO/REUNIÓN
Nombre de congreso/reunión o jurisdicción como elemento de entrada Encuentro Nacional de Archivos
Número del congreso/reunión o número de parte o sección (3:
Fecha del congreso/reunión 2010 : 11-13 nov.
Sede del congreso/Lugar de la reunión Santo Domingo )
9 (RLIN) 71402
245 10 - MENCIÓN DE TÍTULO
Título Memorias del III Encuentro Nacional de Archivos /
Mención de responsabilidad, etc. edición al cuidado de Dante Ortiz, ... [et al].
260 ## - PUBLICACIÓN, DISTRIBUCIÓN, ETC.
Lugar de publicación, distribución, etc. Santo Domingo :
Nombre del editor, distribuidor, etc. Archivo General de la Nación,
Fecha de publicación, distribución, etc. 2014.
300 ## - DESCRIPCIÓN FÍSICA
Extensión 295 p. :
Otras características físicas il. ;
Dimensiones 28 cm.
490 1# - MENCIÓN DE SERIE
Mención de serie Archivo General de la Nación
Designación de volumen o secuencia 212
505 0# - NOTA DE CONTENIDO CON FORMATO
Información miscelánea Presentación --
-- Inauguración.
-- Discurso de apertura /
Mención de responsabilidad Doctor Roberto Cassá --
Información miscelánea Reconocimiento a Miguel Cocco un memoriam --
Título Los sistemas de archivos: aspectos teóricos y normativos --
-- Los sistemas y sus ámbitos de aplicación --
-- El sistema institucional de archivos: gestión documental en el entorno digital --
Información miscelánea Anexos.
590 ## - NOTA LOCAL (RLIN)
Nota local Inventariado,2018/DG
650 #4 - PUNTO DE ACCESO ADICIONAL DE MATERIA--TÉRMINO DE MATERIA
Término de materia o nombre geográfico como elemento de entrada Archivos
Subdivisión geográfica República Dominicana
9 (RLIN) 2026
Subdivisión de forma Congresos, conferencias, etc.
650 #4 - PUNTO DE ACCESO ADICIONAL DE MATERIA--TÉRMINO DE MATERIA
Término de materia o nombre geográfico como elemento de entrada Archivística
Subdivisión geográfica República Dominicana
9 (RLIN) 2027
Subdivisión de forma Congresos, conferencias, etc
650 #4 - PUNTO DE ACCESO ADICIONAL DE MATERIA--TÉRMINO DE MATERIA
Término de materia o nombre geográfico como elemento de entrada Administración de archivos
Subdivisión de forma Congresos, conferencias, etc.
9 (RLIN) 81262
830 #0 - PUNTO DE ACCESO ADICIONAL DE SERIE-TÍTULO UNIFORME
Título uniforme Archivo General de la Nación
Número de parte o sección de la obra 212
9 (RLIN) 71403
910 ## - DATOS DE OPCIÓN DEL USUARIO (OCLC)
Datos de opción del usuario Validado. Control de calidad EMS.
942 ## - ELEMENTOS DE PUNTO DE ACCESO ADICIONAL (KOHA)
Fuente del sistema de clasificación o colocación Dewey Decimal Classification
Tipo de ítem Koha Libro
Existencias
Estado de retiro Estado de pérdida No para préstamo Código de colección Localización permanente Ubicación/localización actual Ubicación en estantería Fecha de adquisición Número de inventario Total de préstamos Signatura topográfica completa Código de barras Fecha visto por última vez Número de copia Precio válido a partir de Tipo de ítem Koha Restricciones de uso
    Excluido de préstamo Dominicana de Servicio General General Depósito 09.10.2017 LF1   027.5 E56me 43585-50 25.06.2020 e. 5 25.06.2020 Libro y Folleto Colección Dominicana de Servicio  
      Dominicana de Servicio General General Depósito 27.03.2014 LF1   027.5 E56me 43585-30 25.06.2020 e. 3 25.06.2020 Libro y Folleto Colección Dominicana de Servicio  
      Dominicana de Servicio General General Depósito 09.04.2015 LF1   027.5 E56me 43585-40 25.06.2020 e. 4 25.06.2020 Libro y Folleto Colección Dominicana de Servicio  
    Excluido de préstamo Patrimonio Dominicano Patrimonio Dominicano Patrimonio Dominicano Depósito 27.03.2014 LF1   027.5 E56me 43585-10 25.06.2020   25.06.2020 Libro y Folleto Colección Patrimonio Dominicano  
    Excluido de préstamo Patrimonio Dominicano Patrimonio Dominicano Patrimonio Dominicano Depósito 27.03.2014 LF1   027.5 E56me 43585-20 25.06.2020 e. 2 25.06.2020 Libro y Folleto Colección Patrimonio Dominicano  

Con tecnología Koha